Cities by films - Statistics

General Stats
  • This quiz has been taken 35 times
  • The average score is 11 of 26
Answer Stats
Film Ville % Correct
Vivre sa vie Paris
94%
Sunset Blvd. Los Angeles
90%
Germany, Year Zero Berlin
87%
Broken Blossoms London
87%
Empire New York
87%
Public Housing Chicago
77%
Los Olvidados Mexico
71%
Floating Clouds Tokyo
61%
Vertigo San Francisco
58%
Rocco and His Brothers Milan
52%
Police Story Hong Kong
48%
A Streetcar Named Desire New Orleans
48%
Russian Ark Saint Petersburg
48%
La Ronde Vienna
42%
Workers Leaving the Lumière Factory Lyon
39%
The Man Without a Past Helsinki
26%
Battleship Potemkin Odessa
26%
Close-up Tehran
23%
To Be or Not to Be Warsaw
19%
Foolish Wives Monaco
16%
Distant Voices, Still Lives Liverpool
10%
Pépé le Moko Algiers
6%
Xala Dakar
6%
One Way Boogie Woogie Milwaukee
6%
The Blue Angel Weimar
6%
Amarcord Rimini
3%
No matching quizzes found
Score Distribution
Percent of People with Each Score
Percentile by Number Answered
Your Score History
You have not taken this quiz